000 00218 a2200097 4500
001 3865
100 _aMarburger, W.G
245 _aLaboratory introduction to physics
260 _a
_bMcgrawhill
_c
090 _c3096
_d3096
942 _aNUST-CAE
_cM
_c23291
999 _c238938
_d238938